000 00249nam a22001217a 4500
008 181017b xxu||||| |||| 00| 0 eng d
041 _aeng
080 _a573
100 _a11
101 _aBIO
245 _aBiology
_cSmmo tOH
942 _2udc
_cBK
999 _c50028
_d50028